Sports Quiz

Random Sports Quiz
Score 0/210 Timer 20:00
0 Plays Today
Hint Name % Correct
1946-47Ted Ditchburn
66.7%
1946-47Bill Nicholson
66.7%
1947-48Ted Ditchburn
66.7%
1947-48Bill Nicholson
66.7%
1947-48Ernie Jones
66.7%
1948-49Ted Ditchburn
66.7%
1948-49Bill Nicholson
66.7%
1948-49Ernie Jones
66.7%
1949-50Ted Ditchburn
66.7%
1949-50Bill Nicholson
66.7%
1950-51Ted Ditchburn
66.7%
1950-51Bill Nicholson
66.7%
1951-52Ted Ditchburn
66.7%
1951-52Bill Nicholson
66.7%
1952-53Ted Ditchburn
66.7%
1952-53Bill Nicholson
66.7%
1953-54Ted Ditchburn
66.7%
1953-54Bill Nicholson
66.7%
1954-55Danny Blanchflower
66.7%
1954-55Ted Ditchburn
66.7%
1955-56Danny Blanchflower
66.7%
1955-56Bobby Smith
66.7%
1955-56Ted Ditchburn
66.7%
1956-57Ted Ditchburn
66.7%
1956-57Danny Blanchflower
66.7%
1956-57Bobby Smith
66.7%
1957-58Ted Ditchburn
66.7%
1957-58Danny Blanchflower
66.7%
1957-58Bobby Smith
66.7%
1958-59Danny Blanchflower
66.7%
1958-59Bobby Smith
66.7%
1958-59Cliff Jones
66.7%
1959-60Bill Brown
66.7%
1959-60Danny Blanchflower
66.7%
1959-60Dave Mackay
66.7%
1959-60Bobby Smith
66.7%
1959-60John White
66.7%
1959-60Cliff Jones
66.7%
1946-47Arthur Willis
33.3%
1946-47Vic Buckingham
33.3%
1946-47George Ludford
33.3%
1946-47Ron Burgess
33.3%
1946-47Freddie Cox
33.3%
1946-47Les Bennett
33.3%
1946-47George Foreman
33.3%
1946-47Ronnie Dix
33.3%
1946-47Sid Tickridge
33.3%
1946-47Johnny Woodward
33.3%
1946-47Les Medley
33.3%
1947-48Sid Tickridge
33.3%
1947-48Vic Buckingham
33.3%
1947-48Johnny Woodward
33.3%
1947-48Ron Burgess
33.3%
1947-48Freddie Cox
33.3%
1947-48Johnny Jordan
33.3%
1947-48Len Duquemin
33.3%
1947-48Les Bennett
33.3%
1947-48George Ludford
33.3%
1947-48Cyril Trailor
33.3%
1947-48Eddie Baily
33.3%
1948-49Sid Tickridge
33.3%
1948-49Vic Buckingham
33.3%
1948-49Johnny Woodward
33.3%
1948-49Ron Burgess
33.3%
1948-49Freddie Cox
33.3%
1948-49Eddie Baily
33.3%
1948-49Len Duquemin
33.3%
1948-49Les Bennett
33.3%
1948-49Charlie Withers
33.3%
1948-49Johnny Woodward
33.3%
Hint Name % Correct
1948-49Harry Clarke
33.3%
1948-49Sonny Walters
33.3%
1949-50Alf Ramsey
33.3%
1949-50Charlie Withers
33.3%
1949-50Harry Clarke
33.3%
1949-50Ron Burgess
33.3%
1949-50Sonny Walters
33.3%
1949-50Les Bennett
33.3%
1949-50Len Duquemin
33.3%
1949-50Eddie Baily
33.3%
1949-50Les Medley
33.3%
1949-50George Ludford
33.3%
1949-50Bobby Cook
33.3%
1949-50Billy Rees
33.3%
1949-50Jimmy Scarth
33.3%
1950-51Alf Ramsey
33.3%
1950-51Arthur Willis
33.3%
1950-51Harry Clarke
33.3%
1950-51Ron Burgess
33.3%
1950-51Sonny Walters
33.3%
1950-51Les Bennett
33.3%
1950-51Len Duquemin
33.3%
1950-51Eddie Baily
33.3%
1950-51Les Medley
33.3%
1950-51Charlie Withers
33.3%
1950-51Colin Brittan
33.3%
1950-51Peter Murphy
33.3%
1950-51Sid McClellan
33.3%
1951-52Alf Ramsey
33.3%
1951-52Charlie Withers
33.3%
1951-52Harry Clarke
33.3%
1951-52Ron Burgess
33.3%
1951-52Sonny Walters
33.3%
1951-52Les Bennett
33.3%
1951-52Len Duquemin
33.3%
1951-52Eddie Baily
33.3%
1951-52Les Medley
33.3%
1951-52Arthur Willis
33.3%
1951-52Tommy Harmer
33.3%
1951-52Sid McClellan
33.3%
1951-52Peter Murphy
33.3%
1952-53Alf Ramsey
33.3%
1952-53Arthur Willis
33.3%
1952-53Harry Clarke
33.3%
1952-53Ron Burgess
33.3%
1952-53Sonny Walters
33.3%
1952-53Les Bennett
33.3%
1952-53Len Duquemin
33.3%
1952-53Eddie Baily
33.3%
1952-53Les Medley
33.3%
1952-53Charlie Withers
33.3%
1952-53Colin Brittan
33.3%
1952-53Tommy Harmer
33.3%
1952-53Sid McClellan
33.3%
1953-54Alf Ramsey
33.3%
1953-54Charlie Withers
33.3%
1953-54Harry Clarke
33.3%
1953-54Ron Burgess
33.3%
1953-54Sonny Walters
33.3%
1953-54Les Bennett
33.3%
1953-54Len Duquemin
33.3%
1953-54Eddie Baily
33.3%
1953-54George Robb
33.3%
1953-54Arthur Willis
33.3%
1953-54Ralph Wetton
33.3%
1953-54Johnny Brooks
33.3%
1953-54Dave Dunmore
33.3%
1954-55Ron Reynolds
33.3%
1954-55Alf Ramsey
33.3%
1954-55Mel Hopkins
33.3%
Hint Name % Correct
1954-55Harry Clarke
33.3%
1954-55Tony Marchi
33.3%
1954-55Eddie Baily
33.3%
1954-55Dave Dunmore
33.3%
1954-55Johnny Brooks
33.3%
1954-55George Robb
33.3%
1954-55Charlie Withers
33.3%
1954-55Sid McClellan
33.3%
1954-55Len Duquemin
33.3%
1955-56Ron Reynolds
33.3%
1955-56Maurice Norman
33.3%
1955-56Mel Hopkins
33.3%
1955-56Harry Clarke
33.3%
1955-56Tony Marchi
33.3%
1955-56Sid McClellan
33.3%
1955-56Johnny Brooks
33.3%
1955-56Len Duquemin
33.3%
1955-56George Robb
33.3%
1955-56Sonny Walters
33.3%
1955-56Tommy Harmer
33.3%
1955-56Eddie Baily
33.3%
1956-57Peter Baker
33.3%
1956-57Mel Hopkins
33.3%
1956-57Harry Clarke
33.3%
1956-57Tony Marchi
33.3%
1956-57Terry Medwin
33.3%
1956-57Tommy Harmer
33.3%
1956-57Johnny Brooks
33.3%
1956-57George Robb
33.3%
1956-57Ron Reynolds
33.3%
1956-57John Ryden
33.3%
1956-57Maurice Norman
33.3%
1956-57Alfie Stokes
33.3%
1957-58Johnny Hills
33.3%
1957-58Mel Hopkins
33.3%
1957-58Maurice Norman
33.3%
1957-58John Ryden
33.3%
1957-58Terry Medwin
33.3%
1957-58Tommy Harmer
33.3%
1957-58Johnny Brooks
33.3%
1957-58George Robb
33.3%
1957-58Ron Reynolds
33.3%
1957-58Peter Baker
33.3%
1957-58Jim Iley
33.3%
1957-58Alfie Stokes
33.3%
1958-59John Hollowbread
33.3%
1958-59Peter Baker
33.3%
1958-59Mel Hopkins
33.3%
1958-59Maurice Norman
33.3%
1958-59Jim Iley
33.3%
1958-59Terry Medwin
33.3%
1958-59Tommy Harmer
33.3%
1958-59Johnny Brooks
33.3%
1958-59John Ryden
33.3%
1958-59Eddie Clayton
33.3%
1958-59Dave Dunmore
33.3%
1958-59Alfie Stokes
33.3%
1959-60Peter Baker
33.3%
1959-60Ron Henry
33.3%
1959-60Maurice Norman
33.3%
1959-60Terry Medwin
33.3%
1959-60Tommy Harmer
33.3%
1959-60Mel Hopkins
33.3%
1959-60Tony Marchi
33.3%
1959-60Dave Dunmore
33.3%
1959-60Les Allen
33.3%
1946-47Les Stevens
0%
1946-47Albert Hall
0%
1947-48Les Stevens
0%
1954-55Johnny Gavin
0%
Remove Ads.
Support Sporcle.
Get the best of Sporcle when you Go Orange. This ad-free experience offers more features, more stats, and more fun while also helping to support Sporcle. Thank you for becoming a member.

You're not logged in!

Compare scores with friends on all Sporcle quizzes.
OR
Log In

Sporcle TV

Today on Sporcle TV


Watch our educational content, quiz creation guides, and fun videos on Sporcle TV.

Show Comments

Extras

Created May 16, 2020ReportNominate
Tags:England, national, Player, Squad, team

Top Quizzes Today


Score Distribution

Paid Content

Your Account Isn't Verified!

In order to create a playlist on Sporcle, you need to verify the email address you used during registration. Go to your Sporcle Settings to finish the process.

Report this User

Report this user for behavior that violates our Community Guidelines.

Details: